Spôsoby propagácie módneho dizajnu v digitálnych médiách
Saved in:
| Main Author: | |
|---|---|
| Other Authors: | |
| Format: | Manuscript Book |
| Language: | Slovak |
| Published: |
2025
|
| Subjects: | |
| Online Access: | http://is.stuba.sk/zp/portal_zp.pl?podrobnosti=145643 |
| Tags: |
No Tags, Be the first to tag this record!
|
MARC
| LEADER | 00000ntm a22000003a 4500 | ||
|---|---|---|---|
| 001 | stuzp66105 | ||
| 003 | SK-STU | ||
| 005 | 20250705210323.9 | ||
| 007 | ta | ||
| 008 | 150427s2015----xo-----f-mn---000-0-slo-d | ||
| 040 | |a STU |b slo | ||
| 041 | 0 | |a slo | |
| 100 | 1 | |a Vavrová, Katarína |u 059190 |k Z9 |4 aut |U FAD Fakulta architektúry a dizajnu |T FAD Ústav dizajnu |X 15926 |U A9190 |Y 400 |7 A000015926 | |
| 242 | 0 | 1 | |a Ways of Fashion Design Promotion in Digital Media |y eng |
| 245 | 1 | 0 | |a Spôsoby propagácie módneho dizajnu v digitálnych médiách |
| 260 | |c 2025 | ||
| 650 | 4 | |a Instagram |2 slo | |
| 650 | 4 | |a reklamné príspevky |2 slo | |
| 650 | 4 | |a online marketing |2 slo | |
| 650 | 4 | |a preklikovosť |2 slo | |
| 650 | 4 | |a Facebook |2 slo | |
| 650 | 4 | |a Facebook |2 eng | |
| 650 | 4 | |a Instagram |2 eng | |
| 650 | 4 | |a advertising adds |2 eng | |
| 650 | 4 | |a online marketing |2 eng | |
| 650 | 4 | |a click-through-rate |2 eng | |
| 700 | 1 | |a Jelenčík, Branislav |u 059190 |k Z1 |4 ths |U FAD Fakulta architektúry a dizajnu |T FAD Ústav dizajnu |X 5298 |U A9190 |Y 400 |7 A000005298 | |
| 856 | 4 | |u http://is.stuba.sk/zp/portal_zp.pl?podrobnosti=145643 | |
| 996 | |b 284AU10576 |c A* 13750/V |l AAKNST |s P |a 0 |w stuzp66105_0001 | ||